<?xml version="1.0" encoding="utf-8"?>
<?xml-stylesheet type='text/xsl' href='./oai2.xsl'?>
<OAI-PMH xmlns="http://www.openarchives.org/OAI/2.0/" xmlns:xsi="http://www.w3.org/2001/XMLSchema-instance" xsi:schemaLocation="http://www.openarchives.org/OAI/2.0/ http://www.openarchives.org/OAI/2.0/OAI-PMH.xsd">
  <responseDate>2026-04-30T05:26:08Z</responseDate>
  <request verb="GetRecord" metadataPrefix="marcxml" identifier="record_kuniweb_2506956">https://kulturerbe.niedersachsen.de/oai</request>
  <GetRecord>
    <record>
      <header>
        <identifier>record_kuniweb_2506956</identifier>
        <datestamp>2025-08-28T09:38:22Z</datestamp>
        <setSpec>slg0279</setSpec>
      </header>
      <metadata>
        <marc:record xmlns:marc="http://www.loc.gov/MARC21/slim" xsi:schemaLocation="http://www.loc.gov/MARC21/slim http://www.loc.gov/standards/marcxml/schema/MARC21slim.xsd">
          <marc:leader>12345nkm  22     uu 4500</marc:leader>
          <marc:controlfield tag="001">2506956</marc:controlfield>
          <marc:controlfield tag="003">http://kuniweb.gbv.de</marc:controlfield>
          <marc:controlfield tag="005">2024-03-18T19:42:41</marc:controlfield>
          <marc:controlfield tag="008">|           ||||||||||||||||||||||</marc:controlfield>
          <marc:datafield tag="245" ind1="1" ind2="0">
            <marc:subfield code="a">Musterblatt mit den Kochöfen 201 und 202</marc:subfield>
          </marc:datafield>
          <marc:datafield tag="655" ind1=" " ind2="7">
            <marc:subfield code="a">Grafik</marc:subfield>
          </marc:datafield>
          <marc:datafield tag="046" ind1=" " ind2=" ">
            <marc:subfield code="k">1850</marc:subfield>
            <marc:subfield code="k">hergestellt zwischen 1850 und 1871</marc:subfield>
            <marc:subfield code="l">1871</marc:subfield>
          </marc:datafield>
          <marc:datafield tag="260" ind1=" " ind2=" ">
            <marc:subfield code="g">1850</marc:subfield>
            <marc:subfield code="g">1871</marc:subfield>
            <marc:subfield code="g">hergestellt zwischen 1850 und 1871</marc:subfield>
          </marc:datafield>
          <marc:datafield tag="520" ind1=" " ind2=" ">
            <marc:subfield code="a">Die Musterblätter – vier verschiedene Kategorien - hatten ein Format von etwa DIN A4, waren überwiegend in schwarz-weiß gedruckt und dienten der Präsentation des jeweiligen Objekts zu Verkaufszwecken. (Förderkreis Königshütte Bad Lauterberg e.V. )

Aufdruck:
Supplementblatt Neue Folge der Abth. II des Musterbuchs Königshütte Oefen No. 201 No. 202 Kochöfen No. 201 Unterofen hoch 1‘10“ breit 1‘ 2½“, lang 2‘1“ Füsse hoch 1‘10“ Oberofen hoch 3‘ 5½“ Ganze Höhe 6‘ 3½“ Gewicht ca. 530 Pfund Dieser Ofen ist aus No. 156, auf Supplementblatt No. 153 construirt No. 202 Unterofen hoch 1‘3½“ breit 1‘ 3“, lang 2‘3“ Füsse hoch 1‘ Oberofen hoch 3‘ 3“ Ganze Höhe 5‘ 6½“ Gewicht ca. 365 Pfund Ein grösserer Ofen, in derselben Art, wie No. 201, aus No. 151 auf Supplementblatt No. 190 construirt, wiegt ca. 610 Pfund. (Der Hannoversche Fuß beträgt 292,1 mm (Gesetz von 1836). 1 Zoll entspricht 24,3416 mm. Das Pfund im Königreich Hannover entspricht etwa 467,711 g. Quelle: https://de.wikipedia.org/wiki/Alte_Maße_und_Gewichte_(Hannover))

Verwendungszweck:
entspricht einem heutigen Verkaufskatalog

Literatur in Zusammenhang:
https://de.wikipedia.org/wiki/Lithografie https://de.wikipedia.org/wiki/Alte_Ma%C3%9Fe_und_Gewichte_(Hannover) https://www.sammeln-sammler.de/alte … Einige Ofentypen und Bezeichnungen - Sammeln.</marc:subfield>
          </marc:datafield>
          <marc:datafield tag="650" ind1="1" ind2=" ">
            <marc:subfield code="a">Musterblatt</marc:subfield>
          </marc:datafield>
          <marc:datafield tag="650" ind1="1" ind2=" ">
            <marc:subfield code="a">Ofen</marc:subfield>
          </marc:datafield>
          <marc:datafield tag="650" ind1="1" ind2=" ">
            <marc:subfield code="a">Grafik, Fotografie &gt; Druckgrafik</marc:subfield>
          </marc:datafield>
          <marc:datafield tag="650" ind1="1" ind2=" ">
            <marc:subfield code="a">Handel</marc:subfield>
          </marc:datafield>
          <marc:datafield tag="773" ind1="0" ind2=" ">
            <marc:subfield code="t">Musterblätter - Öfen und Herde</marc:subfield>
          </marc:datafield>
          <marc:datafield tag="852" ind1=" " ind2=" ">
            <marc:subfield code="a">Industriedenkmal Königshütte Bad Lauterberg im Harz</marc:subfield>
          </marc:datafield>
          <marc:datafield tag="852" ind1=" " ind2=" ">
            <marc:subfield code="a">Clausthal-Zellerfeld (Goslar, Niedersachsen)</marc:subfield>
          </marc:datafield>
          <marc:datafield tag="" ind1=" " ind2=" ">
            <marc:subfield code="a">Namensnennung - Nicht kommerziell - Keine Bearbeitungen 4.0 International (CC BY-NC-ND 4.0)</marc:subfield>
          </marc:datafield>
        </marc:record>
      </metadata>
    </record>
  </GetRecord>
</OAI-PMH>
